Tunable laser optics (Record no. 186274)

MARC details
000 -LEADER
fixed length control field 00398nam a2200157Ia 4500
008 - FIXED-LENGTH DATA ELEMENTS--GENERAL INFORMATION
fixed length control field 231217s9999 xx 000 0 und d
020 ## - INTERNATIONAL STANDARD BOOK NUMBER
International Standard Book Number 122226968
041 ## - LANGUAGE CODE
Language code of text/sound track or separate title English
082 ## - DEWEY DECIMAL CLASSIFICATION NUMBER
Classification number 621.366 DUA;1 R
100 ## - MAIN ENTRY--PERSONAL NAME
Personal name Duarte, Francisco J.
245 #0 - TITLE STATEMENT
Title Tunable laser optics
260 ## - PUBLICATION, DISTRIBUTION, ETC.
Date of publication, distribution, etc. 2003
Name of publisher, distributor, etc. Academic Press
Place of publication, distribution, etc. Amsterdam
300 ## - PHYSICAL DESCRIPTION
Extent xiii, 272
650 ## - SUBJECT ADDED ENTRY--TOPICAL TERM
Topical term or geographic name entry element Tunable,laser,optics
942 ## - ADDED ENTRY ELEMENTS (KOHA)
Koha item type Books
Holdings
Date last seen Total checkouts Full call number Accession number Cost, total (INR) price Price effective from Category Lost status Damaged status Department Withdrawn status Home library Current library Shelving location Entry date Vendor Cost, normal purchase price Grants Billnumber Billdate Currency symbol Conversion rate Discount Old discount
26/01/2024   621.366 DUA;1 R 61152 446.25 26/01/2024 Books     Central Library   Central Library Central Library Central Library 02/07/2010 Royal Biblioman 595.00 Science RB-061 25/02/2014 RS 1 148.75 25

© For any Suggestions or Query, please contact the library staff @ librarian@pes.edu or Phone: +9180 2672 1983/ 2108.